000 00983nam a22002417a 4500
001 2650
003 FISKH
005 20240108153903.0
008 240108b cb ||||| |||| 00| 0 eng d
010 _a 00584364
020 _a046594007957
040 _aDLC
_cDLC
_beng
050 0 0 _aRZA 6238
100 _aLewis, C. S.
245 1 4 _aThe lion the witch and the wardrobe :
_bThe Chronicle of Narnia /
_cC. S. Lewis Book Two ; Illustrated in color by Pauline Baynes
250 _aFirst Harper Trophy edition, 2000
260 _aNew York ;
_bHarper Trophy,
_c1950
300 _a189 pages :
_bcolor illustrations ;
_c20 cm
520 _aFour English schoolchildren find their way through the back of a wardrobe into the magic land of Narnia and assist Aslan, the golden lion, to triumph over the White Witch, who has cursed the land with eternal winter.
590 _aFor replacement by OCLC copy.
906 _a0
_bibc
_corignew
_d4
_encip
_f20
_gy-genmusic
942 _2ddc
_cBK
_n0
999 _c2650
_d2650